000 00261nam a2200097Ia 4500
001 1102177
005 20250827003316.0
008 250824s9999 xx 000 0 und d
245 0 _aMÜMKÜN ÖYKÜLERİN EN İYİSİ
_cAYKUT ERTUĞRUL
260 _bKETEBE YAYINLARI
999 _c1102177
_d1102177